00411nam a2200193Ia 4500003000900000008004100009040001300050040001300063041000800076100002100084245003800105250001100143260001200154260000900166300001100175300001000186490001500196490000600211IT-RoPAU120407s9999 xx 000 0 und d aIT-RoPAU cIT-RoPAU aita aGeoffrey Chaucer aI racconti di Canterbury, 3.a ed. aMilano aRizzoli c1982 a553 p. c18 cm aBur, L 194 v1